| 000 | 01092nam a22002537a 4500 | ||
|---|---|---|---|
| 001 | 000202721 | ||
| 003 | AM-YeHGA | ||
| 005 | 20250617124004.0 | ||
| 008 | 990306s1973 ru ||||| |||| 00| 0 rus d | ||
| 040 | _aAM-YeHGA | ||
| 041 | 0 | _arus | |
| 100 | 1 | _aДружинина, Нина Петровна | |
| 245 | 1 | 0 |
_aФитомасса степных сообществ Юго-Восточного Забайкалья / _cН.П. Дружинина ; Отв. ред. В.Б. Сочава ; АН СССР СО ИГС и ДВ. |
| 246 | 3 | _aPhytomass of Steppe Communites of the South-Eastern Zabaikalye | |
| 260 |
_aНовосибирск : _bНаука. Сиб. отд-ние, _c1973. |
||
| 300 |
_a150 с. : _bил. |
||
| 650 | 1 | 4 | _aЭкология растений. Этология |
| 650 | 1 | 4 | _aРастение и окружающая среда |
| 650 | 1 | 4 | _aФитонциды |
| 700 | 1 |
_aСочава, В.Б. _eред. _4edt |
|
| 710 | 2 | _aИнститут географии Сибири и Дальнего Востока СО АН СССР | |
| 942 |
_2udc _cBK |
||
| 090 | _c71334 | ||
| 999 |
_c70145 _d70145 |
||